<?xml version="1.0" encoding="UTF-8"?>
<record
    xmlns:xsi="http://www.w3.org/2001/XMLSchema-instance"
    xsi:schemaLocation="http://www.loc.gov/MARC21/slim http://www.loc.gov/standards/marcxml/schema/MARC21slim.xsd"
    xmlns="http://www.loc.gov/MARC21/slim">

  <leader>01244nam a22002417a 4500</leader>
  <controlfield tag="001">3649</controlfield>
  <controlfield tag="003">FISKH</controlfield>
  <controlfield tag="005">20240402142504.0</controlfield>
  <controlfield tag="008">240402b        cb ||||| |||| 00| 0 eng d</controlfield>
  <datafield tag="040" ind1=" " ind2=" ">
    <subfield code="a">FISKH</subfield>
    <subfield code="b">khr</subfield>
    <subfield code="c">FISKH</subfield>
    <subfield code="d">FISKH</subfield>
  </datafield>
  <datafield tag="050" ind1=" " ind2=" ">
    <subfield code="a">PZ7</subfield>
  </datafield>
  <datafield tag="082" ind1=" " ind2=" ">
    <subfield code="a">512.74</subfield>
  </datafield>
  <datafield tag="100" ind1=" " ind2=" ">
    <subfield code="a">Kimsrun, Inn</subfield>
  </datafield>
  <datafield tag="245" ind1=" " ind2=" ">
    <subfield code="a">&#x179F;&#x17C0;&#x179C;&#x1797;&#x17C5;&#x200B;&#x17A0;&#x17D2;&#x179C;&#x17B9;&#x1780;&#x17A0;&#x17B6;&#x178F;&#x17CB;&#x200B;&#x1782;&#x178E;&#x17B7;&#x178F;&#x179C;&#x17B7;&#x1791;&#x17D2;&#x1799;&#x17B6; &#x1790;&#x17D2;&#x1793;&#x17B6;&#x1780;&#x17CB;&#x1791;&#x17B8;&#x17E1; /</subfield>
  </datafield>
  <datafield tag="260" ind1=" " ind2=" ">
    <subfield code="a">&#x1797;&#x17D2;&#x1793;&#x17C6;&#x1796;&#x17C1;&#x1789; : </subfield>
    <subfield code="b">&#x1782;&#x17D2;&#x179A;&#x17B7;&#x17C7;&#x179F;&#x17D2;&#x1790;&#x17B6;&#x1793;&#x1794;&#x17C4;&#x17C7;&#x1796;&#x17BB;&#x1798;&#x17D2;&#x1796;&#x1793;&#x17B7;&#x1784;&#x1785;&#x17C2;&#x1780;&#x1795;&#x17D2;&#x179F;&#x17B6;&#x1799;, </subfield>
    <subfield code="c">2012.</subfield>
  </datafield>
  <datafield tag="300" ind1=" " ind2=" ">
    <subfield code="a">102 pages : </subfield>
    <subfield code="b">illustrations ; </subfield>
    <subfield code="c">21 cm </subfield>
  </datafield>
  <datafield tag="520" ind1=" " ind2=" ">
    <subfield code="a">"&#x17A0;&#x17D2;&#x179C;&#x17B9;&#x1780;&#x17A0;&#x17B6;&#x178F;&#x17CB;&#x200B;&#x1782;&#x178E;&#x17B7;&#x178F;&#x179C;&#x17B7;&#x1791;&#x17D2;&#x1799;&#x17B6;&#x200B;&#x1790;&#x17D2;&#x1793;&#x17B6;&#x1780;&#x17CB;&#x1791;&#x17B8;&#x17E1;" &#x1787;&#x17B6;&#x200B;&#x179F;&#x17C0;&#x179C;&#x1797;&#x17C5;&#x200B;&#x17A0;&#x17D2;&#x179C;&#x17B9;&#x1780;&#x17A0;&#x17B6;&#x178F;&#x17CB;&#x200B;&#x1782;&#x178E;&#x17B7;&#x178F;&#x179C;&#x17B7;&#x1791;&#x17D2;&#x1799;&#x17B6;&#x200B;&#x179F;&#x1798;&#x17D2;&#x179A;&#x17B6;&#x1794;&#x17CB;&#x200B;&#x1780;&#x17BB;&#x1798;&#x17B6;&#x179A;&#x200B;&#x1790;&#x17D2;&#x1793;&#x17B6;&#x1780;&#x17CB;&#x1791;&#x17B8;&#x17E1; &#x178A;&#x17BE;&#x1798;&#x17D2;&#x1794;&#x17B8;&#x200B;&#x1787;&#x17C6;&#x1793;&#x17BD;&#x1799;&#x200B;&#x1780;&#x17B6;&#x179A;&#x200B;&#x17A0;&#x17D2;&#x179C;&#x17B9;&#x1780;&#x17A0;&#x17B6;&#x178F;&#x17CB;&#x200B;&#x1780;&#x17BB;&#x1798;&#x17B6;&#x179A;&#x200B;&#x1794;&#x1793;&#x17D2;&#x1790;&#x17C2;&#x1798;&#x200B;&#x1793;&#x17C5;&#x200B;&#x1795;&#x17D2;&#x1791;&#x17C7; &#x17D4; </subfield>
  </datafield>
  <datafield tag="520" ind1=" " ind2=" ">
    <subfield code="a">"Math Training 1st Grade" is a math training book for 1st grade children to help train more children at home.</subfield>
  </datafield>
  <datafield tag="650" ind1=" " ind2=" ">
    <subfield code="a">Math </subfield>
  </datafield>
  <datafield tag="650" ind1=" " ind2=" ">
    <subfield code="a">&#x1782;&#x178E;&#x17B7;&#x178F; </subfield>
  </datafield>
  <datafield tag="942" ind1=" " ind2=" ">
    <subfield code="2">ddc</subfield>
    <subfield code="c">KHB</subfield>
    <subfield code="n">0</subfield>
  </datafield>
  <datafield tag="999" ind1=" " ind2=" ">
    <subfield code="c">3649</subfield>
    <subfield code="d">3649</subfield>
  </datafield>
  <datafield tag="952" ind1=" " ind2=" ">
    <subfield code="0">0</subfield>
    <subfield code="1">0</subfield>
    <subfield code="2">ddc</subfield>
    <subfield code="4">0</subfield>
    <subfield code="7">0</subfield>
    <subfield code="8">REF</subfield>
    <subfield code="a">001</subfield>
    <subfield code="b">001</subfield>
    <subfield code="c">OKHR</subfield>
    <subfield code="d">2024-04-02</subfield>
    <subfield code="l">0</subfield>
    <subfield code="o">KIM 512.74 PZ7 </subfield>
    <subfield code="p">FISTK03527</subfield>
    <subfield code="r">2024-04-02 13:54:11</subfield>
    <subfield code="w">2024-04-02</subfield>
    <subfield code="y">KHB</subfield>
  </datafield>
</record>
